The hassle factor as a psychological barrier to a green home (Record no. 514561)

000 -LEADER
fixed length control field 01629nam a22001577a 4500
008 - FIXED-LENGTH DATA ELEMENTS--GENERAL INFORMATION
fixed length control field 201112b ||||| |||| 00| 0 eng d
100 ## - MAIN ENTRY--PERSONAL NAME
Personal name Vries, G. De, Rietkerk. M. and Kooger, R.
245 ## - TITLE STATEMENT
Title The hassle factor as a psychological barrier to a green home
260 ## - PUBLICATION, DISTRIBUTION, ETC. (IMPRINT)
Place of publication, distribution, etc Journal of Consumer Policy
300 ## - PHYSICAL DESCRIPTION
Extent 43(2), Jun, 2020: p.345-352
520 ## - SUMMARY, ETC.
Summary, etc In order to reach climate goals, policymakers stimulate homeowners to invest in sustainable measures in and around their house. Unfortunately, however, the number of green home measures lacks behind. This article introduces perceived hassle as an important reason for this shortfall. It is claimed that homeowners perceive hassle during different stages of their (customer) journey towards a green home; the awareness stage, the consideration stage, and the decision stage. It is further theorized that people delay taking green home measures in order to avoid the anticipated stress caused by the accumulation of these hassles. Exploring the hassle factor as a psychological barrier to a green home can advance the successful implementation of policies that stimulate sustainable housing. On the one hand, our insights can help homeowners to overcome their obstacles to invest in green measures. On the other hand, they can help policymakers to improve their policies. It suggests de-hassling policy interventions and discusses their effectiveness. – Reproduced
650 ## - SUBJECT ADDED ENTRY--TOPICAL TERM
Topical term or geographic name as entry element Sustainability, Energy efficiency, Climate change, Green housing, Psychology Barriers
9 (RLIN) 19299
773 ## - HOST ITEM ENTRY
Main entry heading Journal of Consumer Policy
906 ## - LOCAL DATA ELEMENT F, LDF (RLIN)
Subject DIP ECOLOGICAL HOUSES
942 ## - ADDED ENTRY ELEMENTS (KOHA)
Item type Articles
Holdings
Withdrawn status Lost status Source of classification or shelving scheme Damaged status Not for loan Permanent location Current location Date acquired Serial Enumeration / chronology Barcode Date last seen Koha item type
          Indian Institute of Public Administration Indian Institute of Public Administration 2020-11-12 43(2), Jun, 2020: p.345-352 AR123554 2020-11-12 Articles

Powered by Koha